| 000 | 01036nam a22002537a 4500 | ||
|---|---|---|---|
| 999 |
_c3561 _d3561 |
||
| 003 | AR-CdUCM | ||
| 008 | 190306b ||||| |||| 00| 0 spa d | ||
| 020 | _a978-612-465-483-1 | ||
| 040 |
_aMUNICIPALIDAD PROVINCIAL DEL CUSCO _cBIBLIOTECA MUNICIPAL DEL CUSCO |
||
| 082 |
_a363.69 / _bU24 |
||
| 100 |
_aUgarte Vega Centeno, David _99129 |
||
| 245 |
_aCusco : _bEnsayos de cultura, patrimonio y desarrollo regional / |
||
| 260 |
_aCusco : _bMINCU, Dirección Desconcentrada de Cultura de Cusco, _c2013. |
||
| 300 |
_a271 paginas ; _bmapas, retratos, _c20 cm. |
||
| 505 | _aContenido :Machupicchu :Historia,sacralidad e identidad --Patrimonio,desarrollo y gestión --Acercamiento a cinco hitos fundamentales --Iconografia ... | ||
| 650 |
_aPatrimonio cultural _93805 |
||
| 650 |
_aGestión cultural _911658 |
||
| 650 |
_aDesarrollo sostenible _94163 |
||
| 650 |
_aEnsayos-conferencias _91255 |
||
| 650 |
_aPerú -Cusco _95400 |
||
| 710 |
_aDirección Desconcentrada de Cultura (Cusco) _910927 |
||
| 942 |
_2ddc _cLIBROS |
||
| 945 | _arjall | ||